00294nam a2200097Ia 4500008004000000082001300040100002500053245003800078260007200116300000800188210210b1960 xxu||||| |||| 00| 0 eng d a082 COHP aCOHEN (M J) and J M. aPenguin dictionary of quotations. aGreat BritainbEnglish Language Book Society, Penguin Books.,c1960 a664